A Modest Proposal / (Record no. 14361)
[ view plain ]
| 000 -LEADER | |
|---|---|
| fixed length control field | 00607nam a22002297a 4500 |
| 001 - CONTROL NUMBER | |
| JCCL Control Number | 14361 |
| 003 - CONTROL NUMBER IDENTIFIER | |
| JCCL marc code | BD-JhCC |
| 005 - DATE AND TIME OF LATEST TRANSACTION | |
| control field | 20250714092322.0 |
| 008 - FIXED-LENGTH DATA ELEMENTS--GENERAL INFORMATION | |
| fixed length control field | 250714b |||||||| |||| 00| 0 eng d |
| 020 ## - INTERNATIONAL STANDARD BOOK NUMBER | |
| International Standard Book Number | 9780141398181 |
| 035 ## - SYSTEM CONTROL NUMBER | |
| system control number | (BD-JhCC) 14361 |
| 040 ## - CATALOGING SOURCE | |
| Original cataloging agency | BD-JhCC |
| Modifying agency | BD-JhCC |
| 041 ## - LANGUAGE CODE | |
| Language code of Book | eng |
| 082 ## - DEWEY DECIMAL CLASSIFICATION NUMBER | |
| DDC Edition number | 23 |
| Author mark and Year | SWI 2015 |
| Classification number | 823 |
| 100 ## - MAIN ENTRY--PERSONAL NAME | |
| Personal name | Swift, Janathan |
| 245 ## - TITLE STATEMENT | |
| Title | A Modest Proposal / |
| Statement of responsibility, etc | Jonathan Swift |
| 260 ## - PUBLICATION, DISTRIBUTION, ETC. (IMPRINT) | |
| Place of publication, distribution, etc | UK: |
| Name of publisher, distributor, etc | Penguin Random House, |
| Date of publication, distribution, etc | 2015 |
| 300 ## - PHYSICAL DESCRIPTION | |
| Pagination | 52p.; |
| Dimensions | 16 cm. |
| Accompanying material | Paper binding |
| 490 ## - SERIES STATEMENT | |
| Series statement | Penguin Little black classic |
| Volume number/sequential designation | 08 |
| 650 ## - SUBJECT ADDED ENTRY--TOPICAL TERM | |
| Topical term or geographic name as entry element | English Fiction |
| 942 ## - ADDED ENTRY ELEMENTS (KOHA) | |
| Source of classification or shelving scheme | Dewey Decimal Classification |
| Koha item type | Books |
| Source of classification or shelving scheme | Damaged status | Not for loan | Home library | Current library | Shelving location | Date of accession | Total Checkouts | Full call number | Barcode | Date last seen | Copy number | Method of acquisition | Koha item type | Currency |
|---|---|---|---|---|---|---|---|---|---|---|---|---|---|---|
| Dewey Decimal Classification | JCC Rouf Library | JCC Rouf Library | General Stacks | 823 SWI 2015 | 20111 | 07/14/2025 | C-1 | Purchase | Books | BDT |